000
00316nam a2200133Ia 4500
003
OSt
005
20240822154937.0
008
170524s9999 xx 000 0 und d
040
_c
IIMT UNIVERSITY
100
_a
VARSHNEY, R.L.
245
0
_a
MANAGERIAL ECONOMICS
260
_b
new delhi : Sultan chand
942
_2
ddc
_c
02
999
_c
8365
_d
8365